| 000 -LEADER |
| fixed length control field |
00769nam a2200229Ia 4500 |
| 001 - CONTROL NUMBER |
| control field |
16830 |
| 003 - CONTROL NUMBER IDENTIFIER |
| control field |
GE_BSU |
| 005 - DATE AND TIME OF LATEST TRANSACTION |
| control field |
20200203104442.0 |
| 008 - FIXED-LENGTH DATA ELEMENTS--GENERAL INFORMATION |
| fixed length control field |
181216s2000en xx |||||||||||||| ||eng|| |
| 020 ## - INTERNATIONAL STANDARD BOOK NUMBER |
| International Standard Book Number |
9780471399759 |
| 040 ## - CATALOGING SOURCE |
| Transcribing agency |
GE_BSU |
| 080 ## - UNIVERSAL DECIMAL CLASSIFICATION NUMBER |
| Universal Decimal Classification number |
159.964 G-78 |
| 100 ## - MAIN ENTRY--PERSONAL NAME |
| Personal name |
Greenfield, Susan |
| 9 (RLIN) |
6670 |
| 245 #4 - TITLE STATEMENT |
| Title |
The Private Life of the Brain : |
| Remainder of title |
Emotions, Consciousness, and the Secret of the Self / |
| Statement of responsibility, etc. |
Susan Greenfield. |
| 260 ## - PUBLICATION, DISTRIBUTION, ETC. |
| Date of publication, distribution, etc. |
New York : |
| Place of publication, distribution, etc. |
John Wiley & Sons, Inc, |
| Name of publisher, distributor, etc. |
2000. |
| 300 ## - PHYSICAL DESCRIPTION |
| Extent |
257 p; |
| Dimensions |
23 cm. |
| 653 ## - INDEX TERM--UNCONTROLLED |
| Uncontrolled term |
Emotions, Consciousness, and the Secret of the Self |
| 653 ## - INDEX TERM--UNCONTROLLED |
| Uncontrolled term |
The Private Life of the Brain |
| 653 ## - INDEX TERM--UNCONTROLLED |
| Uncontrolled term |
ემოციები, ცნობიერება |
| 653 ## - INDEX TERM--UNCONTROLLED |
| Uncontrolled term |
ფსიქოლოგია |
| 942 ## - ADDED ENTRY ELEMENTS (KOHA) |
| Koha item type |
წიგნი |
| Source of classification or shelving scheme |
|